CALCUL MENTAL: Table de multiplication - Statistiques

Statistiques générales
  • Ce quiz a été pris 4 614 fois
  • Le résultat moyen est 12 sur 12
Statistiques - réponses
Calcul Résultat % Correct
0*9 0
100%
6*0 0
100%
2*3 6
100%
15*1 15
99%
2*1 2
99%
4*5 20
99%
12*2 24
99%
6*7 42
99%
9*9 81
99%
9*8 72
98%
3*3*4 36
97%
2*2*3*4 48
96%
Aucun quiz correspondant
Distribution des résultats
% des personnes avec chaque résultat
Percentile par nombre de réponses
Votre historique - résultats
Vous n’avez pas pris ce quiz